Doitsu Kokuyū Tetsudō Kaisha kenkyū.

Saved in:
Bibliographic Details
Corporate Author: Minami Manshū Tetsudō Kabushiki Kaisha. Tōa Keizai Chōsakyoku.
Format: Book
Language:Japanese
Published: [Tōkyō] : Minami Manshū Tetsudō Kabushiki Kaisha Tōa Keizai Chōsakyoku : [Tōkyōdō Shoten itaku hanbai], Shōwa 3 [1928]
Series:Keizai shiryō ; dai 14-kan, dai 10-gō.
Subjects:
Tags: Add Tag
No Tags, Be the first to tag this record!
LEADER 01246nam a2200289 i 4500
001 007766936-3
005 20140604131842.0
008 980416s1928 ja 000 0 jpn
010 |a 78788571 /J  
035 0 |a ocm38961698 
040 |a DLC  |c *YNH*  |d CStRLIN 
050 0 0 |a HE3080.D4  |b M55 
110 2 |6 880-01  |a Minami Manshū Tetsudō Kabushiki Kaisha.  |b Tōa Keizai Chōsakyoku. 
245 1 0 |6 880-02  |a Doitsu Kokuyū Tetsudō Kaisha kenkyū. 
260 |6 880-03  |a [Tōkyō] :  |b Minami Manshū Tetsudō Kabushiki Kaisha Tōa Keizai Chōsakyoku :  |b [Tōkyōdō Shoten itaku hanbai],  |c Shōwa 3 [1928] 
300 |a 7, 129 p. ;  |c 23 cm. 
490 1 |6 880-04  |a Keizai shiryō ;  |v dai 14-kan, dai 10-gō 
500 |a Cover title. 
610 2 0 |a Deutsche Reichsbahn-Gesellschaft. 
880 2 |6 110-01  |a 南滿洲鐵道株式會社.  |b 東亞經濟調查局. 
880 1 0 |6 245-02  |a 獨逸國有鐵道會社硏究. 
880 |6 260-03  |a [東京] :  |b 南滿州鐵道株式會社東亞經濟調查局 :  |b [東京堂書店委託販賣],  |c 昭和3 [1928] 
880 1 |6 490-04  |a 經濟資料 ;  |v 第14卷, 第10號 
830 0 |6 880-54  |a Keizai shiryō ;  |v dai 14-kan, dai 10-gō. 
880 0 |6 830-54  |a 經濟資料 ;  |v 第14卷, 第10號. 
988 |a 20021221 
906 |0 DLC